[Event "AsianNationCup2018-OpenRapid"]
[Site "?"]
[Date "2018.07.27"]
[Round "2.1"]
[White "Maghsoodloo, Parham"]
[Black "Ganguly, Surya Shekhar"]
[Result "0-1"]
[BlackElo "2619"]
[WhiteElo "2393"]
[LiveChessVersion "1.4.8"]

1. b3 {[%clk 0:15:19]} e5 {[%clk 0:15:11]} 2. Bb2 {[%clk 0:15:27]} Nc6
{[%clk 0:15:17]} 3. e3 {[%clk 0:15:35]} Nf6 {[%clk 0:15:19]} 4. Bb5
{[%clk 0:15:43]} e4 {[%clk 0:15:23]} 5. Ne2 {[%clk 0:15:51]} a6 {[%clk 0:15:25]}
6. Bxc6 {[%clk 0:15:59]} dxc6 {[%clk 0:15:32]} 7. Ng3 {[%clk 0:15:02]} h5
{[%clk 0:13:26]} 8. Nc3 {[%clk 0:13:43]} Qe7 {[%clk 0:12:24]} 9. f3
{[%clk 0:13:37]} exf3 {[%clk 0:12:17]} 10. Qxf3 {[%clk 0:11:17]} Bg4
{[%clk 0:12:12]} 11. Qf2 {[%clk 0:11:03]} O-O-O {[%clk 0:08:26]} 12. h3
{[%clk 0:11:11]} Be6 {[%clk 0:07:44]} 13. O-O-O {[%clk 0:11:18]} Qd7
{[%clk 0:07:41]} 14. e4 {[%clk 0:10:38]} Kb8 {[%clk 0:06:41]} 15. Rhf1
{[%clk 0:09:37]} Bb4 {[%clk 0:06:46]} 16. d3 {[%clk 0:09:39]} Qe7
{[%clk 0:05:04]} 17. Kb1 {[%clk 0:09:26]} Ba3 {[%clk 0:05:02]} 18. Ba1
{[%clk 0:09:34]} Bc5 {[%clk 0:05:07]} 19. Qf3 {[%clk 0:09:43]} Bd4
{[%clk 0:04:39]} 20. Nge2 {[%clk 0:09:48]} c5 {[%clk 0:04:41]} 21. Nxd4
{[%clk 0:09:39]} cxd4 {[%clk 0:04:49]} 22. Ne2 {[%clk 0:09:48]} c5
{[%clk 0:04:46]} 23. Qg3+ {[%clk 0:09:48]} Ka8 {[%clk 0:04:54]} 24. Qxg7
{[%clk 0:09:56]} Nd7 {[%clk 0:04:48]} 25. Qg3 {[%clk 0:10:03]} Rdg8
{[%clk 0:04:12]} 26. Qf2 {[%clk 0:10:12]} Qg5 {[%clk 0:02:03]} 27. Nf4
{[%clk 0:09:16]} Re8 {[%clk 0:01:36]} 28. c3 {[%clk 0:09:25]} dxc3
{[%clk 0:01:45]} 29. Bxc3 {[%clk 0:09:34]} Rhg8 {[%clk 0:01:54]} 30. d4
{[%clk 0:09:19]} cxd4 {[%clk 0:01:56]} 31. Bxd4 {[%clk 0:09:28]} Nb8
{[%clk 0:02:00]} 32. Nd3 {[%clk 0:09:02]} Qxg2 {[%clk 0:02:00]} 33. Qxg2
{[%clk 0:09:01]} Rxg2 {[%clk 0:02:09]} 34. Nf4 {[%clk 0:09:10]} Rh2
{[%clk 0:02:02]} 35. Rh1 {[%clk 0:08:58]} Rxh1 {[%clk 0:02:05]} 36. Rxh1
{[%clk 0:09:07]} Nc6 {[%clk 0:02:11]} 37. Bf6 {[%clk 0:09:16]} Bc8
{[%clk 0:01:51]} 38. Nxh5 {[%clk 0:08:57]} Rxe4 {[%clk 0:01:59]} 39. h4
{[%clk 0:09:06]} Bf5 {[%clk 0:01:55]} 40. Ka1 {[%clk 0:09:11]} Bg6
{[%clk 0:01:27]} 41. Ng3 {[%clk 0:08:52]} Rg4 {[%clk 0:01:35]} 42. Ne2
{[%clk 0:08:56]} Bh5 {[%clk 0:01:21]} 43. Rf1 {[%clk 0:08:52]} Rg6
{[%clk 0:01:10]} 44. Nc3 {[%clk 0:09:01]} Nb4 {[%clk 0:00:57]} 45. Kb2
{[%clk 0:04:22]} Rg2+ 46. Ka3 Nc2+ {[%clk 0:00:33]} 47. Ka4 {[%clk 0:04:41]} Ka7
{[%clk 0:00:40]} 48. Nd5 {[%clk 0:01:58]} Rd2 {[%clk 0:00:34]} 49. Nc3
{[%clk 0:00:12]} Bg4 {[%clk 0:00:35]} 50. b4 {[%clk 0:00:22]} Bd7+
{[%clk 0:00:42]} 51. Kb3 {[%clk 0:00:25]} Be6+ {[%clk 0:00:51]} 52. Ka4
{[%clk 0:00:28]} b5+ {[%clk 0:00:44]} 53. Ka5 {[%clk 0:00:31]} Ne3
{[%clk 0:00:42]} 54. Nxb5+ {[%clk 0:00:13]} Kb7 {[%clk 0:00:46]} 55. Nd6+
{[%clk 0:00:11]} Rxd6 {[%clk 0:00:52]} 56. Rf3 {[%clk 0:00:21]} Rd3
{[%clk 0:00:55]} 0-1

[Event "AsianNationCup2018-OpenRapid"]
[Site "?"]
[Date "2018.07.27"]
[Round "2.2"]
[White "Sasikiran, Krishnan"]
[Black "Idani, Pouya"]
[Result "1-0"]
[BlackElo "2462"]
[WhiteElo "2625"]
[LiveChessVersion "1.4.8"]

1. e4 {[%clk 0:15:17]} e5 {[%clk 0:15:19]} 2. Nf3 {[%clk 0:15:25]} Nf6
{[%clk 0:15:28]} 3. Nxe5 {[%clk 0:15:30]} d6 {[%clk 0:15:38]} 4. Nf3
{[%clk 0:15:36]} Nxe4 {[%clk 0:15:46]} 5. Nc3 {[%clk 0:15:41]} Nf6
{[%clk 0:15:55]} 6. d4 {[%clk 0:15:43]} Be7 {[%clk 0:16:05]} 7. Bd3
{[%clk 0:15:42]} O-O {[%clk 0:16:12]} 8. h3 {[%clk 0:15:46]} b6 {[%clk 0:16:15]}
9. O-O {[%clk 0:15:50]} Bb7 {[%clk 0:16:24]} 10. Bg5 {[%clk 0:15:25]} Nbd7
{[%clk 0:15:44]} 11. Nh4 {[%clk 0:13:28]} g6 {[%clk 0:13:07]} 12. Re1
{[%clk 0:12:26]} Re8 {[%clk 0:13:09]} 13. f4 {[%clk 0:12:04]} Nh5
{[%clk 0:10:23]} 14. Qg4 {[%clk 0:05:35]} Ndf6 {[%clk 0:10:16]} 15. Qe2
{[%clk 0:05:32]} Bf8 {[%clk 0:08:25]} 16. Qf2 {[%clk 0:03:32]} Rxe1+
{[%clk 0:06:51]} 17. Rxe1 {[%clk 0:03:36]} h6 {[%clk 0:06:31]} 18. Nxg6
{[%clk 0:02:22]} fxg6 {[%clk 0:06:24]} 19. Bh4 {[%clk 0:01:50]} Nxf4
{[%clk 0:05:03]} 20. Qxf4 {[%clk 0:00:58]} g5 {[%clk 0:05:13]} 21. Bxg5
{[%clk 0:00:58]} hxg5 {[%clk 0:05:22]} 22. Qxg5+ {[%clk 0:01:06]} Bg7
{[%clk 0:05:32]} 23. Bf5 {[%clk 0:00:33]} d5 {[%clk 0:02:04]} 24. Qg6
{[%clk 0:00:19]} Bc8 {[%clk 0:01:39]} 25. Bd3 {[%clk 0:00:17]} Bd7
{[%clk 0:01:25]} 26. h4 {[%clk 0:00:16]} Be8 27. Qg5 {[%clk 0:00:20]} Bf7
{[%clk 0:01:37]} 28. Qg3 {[%clk 0:00:19]} Nh5 {[%clk 0:01:39]} 29. Qg4
{[%clk 0:00:18]} Qf6 {[%clk 0:01:30]} 30. Ne2 {[%clk 0:00:21]} Qh6
{[%clk 0:01:04]} 31. Rf1 {[%clk 0:00:19]} Nf6 {[%clk 0:01:12]} 32. Qg3
{[%clk 0:00:23]} Re8 {[%clk 0:01:13]} 33. Nf4 {[%clk 0:00:21]} c5
{[%clk 0:01:03]} 34. c3 {[%clk 0:00:14]} cxd4 {[%clk 0:00:57]} 35. cxd4
{[%clk 0:00:23]} Nh5 {[%clk 0:00:54]} 36. Nxh5 {[%clk 0:00:17]} Bxh5
{[%clk 0:01:03]} 37. Rf4 {[%clk 0:00:14]} Kh8 {[%clk 0:01:07]} 38. Kh2
{[%clk 0:00:17]} Be2 {[%clk 0:00:34]} 39. Bxe2 {[%clk 0:00:12]} Rxe2
{[%clk 0:00:42]} 40. Rg4 {[%clk 0:00:21]} Re8 {[%clk 0:00:39]} 41. Qc7
{[%clk 0:00:26]} Bxd4 {[%clk 0:00:43]} 42. Rxd4 {[%clk 0:00:33]} Qf6
{[%clk 0:00:45]} 43. Rf4 {[%clk 0:00:32]} Qxb2 {[%clk 0:00:43]} 44. Qc6
{[%clk 0:00:37]} Qe5 {[%clk 0:00:52]} 45. Qh6+ {[%clk 0:00:45]} Kg8
{[%clk 0:01:02]} 46. g3 {[%clk 0:00:46]} Qg7 {[%clk 0:00:50]} 47. Qh5
{[%clk 0:00:44]} Re5 {[%clk 0:00:58]} 48. Qf3 {[%clk 0:00:51]} Qe7
{[%clk 0:01:00]} 49. Kh3 {[%clk 0:00:52]} Qe6+ {[%clk 0:00:40]} 50. Rg4+
{[%clk 0:01:00]} Kh7 {[%clk 0:00:49]} 51. Qf8 {[%clk 0:00:49]} 1-0

[Event "AsianNationCup2018-OpenRapid"]
[Site "?"]
[Date "2018.07.27"]
[Round "2.3"]
[White "Tabatabaei, M.Amin"]
[Black "Gupta, Abhijeet"]
[Result "0-1"]
[BlackElo "2562"]
[WhiteElo "2306"]
[LiveChessVersion "1.4.8"]

1. d4 {[%clk 0:15:18]} Nf6 {[%clk 0:15:18]} 2. Nf3 {[%clk 0:15:27]} g6
{[%clk 0:15:26]} 3. Nc3 {[%clk 0:15:36]} d5 {[%clk 0:15:12]} 4. Bf4
{[%clk 0:15:44]} Bg7 {[%clk 0:15:18]} 5. Nb5 {[%clk 0:15:53]} Na6
{[%clk 0:15:25]} 6. e3 {[%clk 0:16:02]} O-O {[%clk 0:15:31]} 7. h3
{[%clk 0:16:11]} Ne4 {[%clk 0:14:42]} 8. Nd2 {[%clk 0:14:26]} Nxd2
{[%clk 0:13:38]} 9. Qxd2 {[%clk 0:14:35]} c6 {[%clk 0:13:40]} 10. Nc3
{[%clk 0:14:43]} Nc7 {[%clk 0:13:48]} 11. Be2 {[%clk 0:14:00]} Ne6
{[%clk 0:13:10]} 12. Be5 {[%clk 0:12:39]} Bxe5 {[%clk 0:12:31]} 13. dxe5
{[%clk 0:12:47]} d4 {[%clk 0:12:28]} 14. exd4 {[%clk 0:12:30]} Qxd4
{[%clk 0:12:31]} 15. Qxd4 {[%clk 0:11:53]} Nxd4 {[%clk 0:12:39]} 16. Bd3
{[%clk 0:11:01]} Rd8 {[%clk 0:11:58]} 17. O-O-O {[%clk 0:10:48]} Be6
{[%clk 0:11:33]} 18. Ne4 {[%clk 0:09:18]} Bf5 {[%clk 0:10:00]} 19. Nc5
{[%clk 0:06:46]} Bxd3 {[%clk 0:09:10]} 20. Nxd3 {[%clk 0:06:52]} b6
{[%clk 0:08:47]} 21. c3 {[%clk 0:06:48]} Ne6 {[%clk 0:08:47]} 22. f4
{[%clk 0:06:18]} c5 {[%clk 0:08:40]} 23. g3 {[%clk 0:05:38]} h5 {[%clk 0:08:29]}
24. Rhf1 {[%clk 0:05:09]} Rd5 {[%clk 0:08:19]} 25. Kc2 {[%clk 0:04:36]} Rad8
{[%clk 0:08:15]} 26. b3 {[%clk 0:04:45]} b5 {[%clk 0:07:06]} 27. g4
{[%clk 0:03:45]} c4 {[%clk 0:06:14]} 28. bxc4 {[%clk 0:03:53]} bxc4
{[%clk 0:06:23]} 29. Nb2 {[%clk 0:04:03]} Rxd1 {[%clk 0:06:27]} 30. Nxd1
{[%clk 0:04:11]} Rd3 {[%clk 0:06:29]} 31. f5 {[%clk 0:04:02]} gxf5
{[%clk 0:06:14]} 32. gxf5 {[%clk 0:04:06]} Nc5 {[%clk 0:06:13]} 33. h4
{[%clk 0:02:31]} Rg3 {[%clk 0:03:46]} 34. Rf4 {[%clk 0:00:41]} Rg2+
{[%clk 0:03:51]} 35. Rf2 {[%clk 0:00:45]} Rg4 {[%clk 0:03:55]} 36. Rh2
{[%clk 0:00:51]} Re4 {[%clk 0:03:54]} 37. Nb2 {[%clk 0:00:44]} Rxe5
{[%clk 0:03:32]} 38. f6 {[%clk 0:00:31]} e6 {[%clk 0:02:55]} 39. Nxc4
{[%clk 0:00:38]} Rf5 {[%clk 0:03:04]} 40. Rg2+ {[%clk 0:00:34]} Kf8
{[%clk 0:03:11]} 41. Nd6 {[%clk 0:00:14]} Rxf6 {[%clk 0:02:59]} 42. Rg5
{[%clk 0:00:12]} Rf2+ {[%clk 0:03:08]} 43. Kc1 {[%clk 0:00:12]} Nd3+
{[%clk 0:03:11]} 44. Kd1 {[%clk 0:00:13]} Rxa2 {[%clk 0:02:54]} 45. Rxh5
{[%clk 0:00:21]} Ke7 {[%clk 0:03:03]} 46. Nb5 {[%clk 0:00:18]} Nf4
{[%clk 0:02:54]} 47. Rh8 {[%clk 0:00:22]} Nd5 {[%clk 0:02:47]} 48. Ra8
{[%clk 0:00:11]} a6 {[%clk 0:02:03]} 49. Kc1 {[%clk 0:00:21]} f5 {[%clk 0:02:02]}
50. h5 {[%clk 0:00:24]} f4 {[%clk 0:01:53]} 51. h6 {[%clk 0:00:14]} Rh2
{[%clk 0:01:56]} 52. h7 {[%clk 0:00:12]} axb5 {[%clk 0:01:59]} 53. h8=Q
{[%clk 0:00:21]} Rxh8 {[%clk 0:02:07]} 54. Rxh8 {[%clk 0:00:30]} Nxc3
{[%clk 0:02:12]} 55. Kd2 {[%clk 0:00:35]} Nd5 {[%clk 0:02:19]} 56. Kd3
{[%clk 0:00:44]} Kd6 {[%clk 0:02:17]} 57. Ke4 {[%clk 0:00:52]} b4
{[%clk 0:02:23]} 58. Rb8 {[%clk 0:00:38]} Kc7 {[%clk 0:02:17]} 59. Rf8
{[%clk 0:00:19]} b3 {[%clk 0:02:17]} 60. Kd3 {[%clk 0:00:28]} e5 {[%clk 0:02:22]}
61. Rh8 {[%clk 0:00:28]} Ne3 {[%clk 0:02:13]} 62. Kc3 {[%clk 0:00:17]} f3
{[%clk 0:02:21]} 63. Rf8 {[%clk 0:00:11]} f2 {[%clk 0:02:28]} 64. Kd4 0-1

[Event "AsianNationCup2018-OpenRapid"]
[Site "?"]
[Date "2018.07.27"]
[Round "2.4"]
[White "Sethuraman, S.P."]
[Black "Firouzja, Alireza"]
[Result "0-1"]
[BlackElo "2367"]
[WhiteElo "2586"]
[LiveChessVersion "1.4.8"]

1. e4 {[%clk 0:15:19]} c5 {[%clk 0:15:26]} 2. Nc3 {[%clk 0:15:14]} e6
{[%clk 0:15:31]} 3. Nge2 {[%clk 0:15:17]} Nc6 {[%clk 0:15:40]} 4. d4
{[%clk 0:15:25]} cxd4 {[%clk 0:15:48]} 5. Nxd4 {[%clk 0:15:33]} a6
{[%clk 0:15:30]} 6. Be3 {[%clk 0:15:03]} Nf6 {[%clk 0:14:17]} 7. Qd2
{[%clk 0:13:29]} Bb4 {[%clk 0:14:26]} 8. f3 {[%clk 0:13:04]} d5 {[%clk 0:14:35]}
9. a3 {[%clk 0:11:51]} Ba5 {[%clk 0:12:25]} 10. O-O-O {[%clk 0:08:46]} O-O
{[%clk 0:11:30]} 11. Nb3 {[%clk 0:06:50]} Bb6 {[%clk 0:10:01]} 12. Bg5
{[%clk 0:06:00]} d4 {[%clk 0:10:01]} 13. Na4 {[%clk 0:05:36]} Ba7 14. e5
{[%clk 0:06:58]} Nxe5 {[%clk 0:05:44]} 15. Nxd4 {[%clk 0:07:03]} b5
{[%clk 0:05:40]} 16. Nc3 {[%clk 0:06:22]} Bb7 {[%clk 0:05:32]} 17. h4
{[%clk 0:06:04]} Qc7 {[%clk 0:05:02]} 18. Bxf6 {[%clk 0:03:38]} gxf6
{[%clk 0:05:10]} 19. h5 {[%clk 0:03:11]} Rad8 {[%clk 0:04:45]} 20. Rh4
{[%clk 0:03:19]} Kh8 {[%clk 0:04:31]} 21. Qh6 {[%clk 0:02:29]} Qe7
{[%clk 0:04:39]} 22. Be2 {[%clk 0:02:19]} f5 {[%clk 0:04:33]} 23. g3
{[%clk 0:02:19]} Rg8 {[%clk 0:04:25]} 24. Qf4 {[%clk 0:01:28]} Bb8
{[%clk 0:04:18]} 25. Qe3 {[%clk 0:01:11]} Rxg3 {[%clk 0:04:22]} 26. Rhh1
{[%clk 0:01:17]} f4 {[%clk 0:03:48]} 27. Qf2 {[%clk 0:01:16]} Ba7
{[%clk 0:03:38]} 28. h6 {[%clk 0:01:11]} Qc5 {[%clk 0:03:20]} 29. Ne4
{[%clk 0:00:39]} Bxe4 {[%clk 0:03:22]} 30. fxe4 {[%clk 0:00:39]} Rxd4
{[%clk 0:03:30]} 31. Qh2 {[%clk 0:00:34]} Ng6 {[%clk 0:03:06]} 32. Rxd4 Qxd4
{[%clk 0:03:15]} 33. Rd1 {[%clk 0:00:46]} Rg1 {[%clk 0:03:23]} 34. Bf1
{[%clk 0:00:47]} Qxd1+ {[%clk 0:03:10]} 35. Kxd1 {[%clk 0:00:54]} Rxf1+
{[%clk 0:03:19]} 36. Ke2 {[%clk 0:00:58]} Rf2+ {[%clk 0:03:28]} 37. Qxf2
{[%clk 0:00:59]} Bxf2 {[%clk 0:03:36]} 38. Kxf2 {[%clk 0:01:08]} Ne5
{[%clk 0:03:43]} 39. b3 {[%clk 0:01:13]} Kg8 {[%clk 0:03:51]} 40. Ke2
{[%clk 0:01:08]} f6 {[%clk 0:03:57]} 41. a4 {[%clk 0:01:17]} bxa4
{[%clk 0:04:05]} 42. bxa4 {[%clk 0:01:25]} Kf7 {[%clk 0:04:14]} 43. a5
{[%clk 0:01:32]} Kg6 {[%clk 0:04:20]} 44. Kf2 {[%clk 0:01:39]} Kxh6
{[%clk 0:04:28]} 45. c3 {[%clk 0:01:47]} Kg5 {[%clk 0:04:37]} 46. Kg2
{[%clk 0:01:48]} Kg4 {[%clk 0:04:46]} 47. Kf2 {[%clk 0:01:56]} f3
{[%clk 0:04:55]} 48. Ke3 {[%clk 0:02:04]} Kg3 {[%clk 0:05:02]} 49. Kd4 0-1

[Event "AsianNationCup2018-OpenRapid"]
[Site "?"]
[Date "2018.07.27"]
[Round "2.5"]
[White "Yakubboev, Nodirbek"]
[Black "Nguyen, Ngoc Truong Son"]
[Result "1/2-1/2"]
[BlackElo "2666"]
[WhiteElo "2272"]
[LiveChessVersion "1.4.8"]

1. d4 {[%clk 0:15:16]} d5 {[%clk 0:15:17]} 2. Bf4 {[%clk 0:15:07]} Nf6
{[%clk 0:15:21]} 3. e3 {[%clk 0:15:05]} c5 {[%clk 0:15:09]} 4. c3
{[%clk 0:14:42]} Nc6 {[%clk 0:14:57]} 5. Nf3 {[%clk 0:14:39]} Qb6
{[%clk 0:14:18]} 6. Qb3 {[%clk 0:14:16]} c4 {[%clk 0:13:46]} 7. Qc2
{[%clk 0:14:25]} Nh5 {[%clk 0:12:53]} 8. Bg5 {[%clk 0:13:21]} h6 {[%clk 0:13:00]}
9. Bh4 {[%clk 0:13:29]} g5 {[%clk 0:12:42]} 10. Bg3 {[%clk 0:13:38]} Nxg3
{[%clk 0:12:43]} 11. hxg3 {[%clk 0:13:39]} g4 {[%clk 0:12:23]} 12. Nfd2
{[%clk 0:12:38]} e5 {[%clk 0:11:59]} 13. b3 {[%clk 0:10:33]} exd4
{[%clk 0:11:59]} 14. exd4 {[%clk 0:10:02]} Nxd4 {[%clk 0:08:53]} 15. cxd4
{[%clk 0:10:10]} Qxd4 {[%clk 0:09:00]} 16. Nc3 {[%clk 0:10:18]} Qe5+
{[%clk 0:09:06]} 17. Be2 {[%clk 0:10:18]} Bf5 {[%clk 0:07:45]} 18. Rh5
{[%clk 0:09:55]} Qxe2+ {[%clk 0:07:46]} 19. Kxe2 {[%clk 0:10:04]} Bxc2
{[%clk 0:07:54]} 20. Re5+ {[%clk 0:10:13]} Kd7 {[%clk 0:07:47]} 21. Rxd5+
{[%clk 0:10:20]} Kc6 {[%clk 0:05:08]} 22. Nxc4 {[%clk 0:10:12]} Bg7
{[%clk 0:04:08]} 23. Rc1 {[%clk 0:06:46]} Rae8+ {[%clk 0:03:40]} 24. Ne3
{[%clk 0:06:24]} Bxc3 {[%clk 0:03:48]} 25. Rh5 {[%clk 0:05:34]} Bg6
{[%clk 0:02:08]} 26. Rxc3+ {[%clk 0:05:39]} Kb6 {[%clk 0:02:17]} 27. Rd5
{[%clk 0:04:47]} a6 {[%clk 0:01:39]} 28. Rd7 {[%clk 0:03:22]} Rd8
{[%clk 0:01:02]} 29. Rxd8 {[%clk 0:01:25]} Rxd8 {[%clk 0:01:11]} 30. Nxg4
{[%clk 0:01:31]} Kb5 {[%clk 0:01:01]} 31. Rc7 {[%clk 0:00:46]} b6
{[%clk 0:00:48]} 32. Ne3 {[%clk 0:00:50]} a5 {[%clk 0:00:32]} 33. f4
{[%clk 0:00:38]} Bb1 {[%clk 0:00:34]} 34. a3 {[%clk 0:00:39]} Rd3
{[%clk 0:00:31]} 35. Nf5 {[%clk 0:00:20]} Ka6 {[%clk 0:00:34]} 36. a4
{[%clk 0:00:19]} Rxb3 {[%clk 0:00:38]} 37. Ne7 {[%clk 0:00:19]} Ra3
{[%clk 0:00:21]} 38. Nd5 {[%clk 0:00:22]} Rxa4 {[%clk 0:00:27]} 39. Rxf7
{[%clk 0:00:28]} Ba2 {[%clk 0:00:23]} 40. Nc7+ {[%clk 0:00:35]} Kb7
{[%clk 0:00:32]} 41. Re7 {[%clk 0:00:43]} Kc6 {[%clk 0:00:39]} 42. f5
{[%clk 0:00:50]} Rd4 {[%clk 0:00:44]} 43. f6 {[%clk 0:00:52]} Rd7
{[%clk 0:00:52]} 44. Ne8 {[%clk 0:00:17]} Rxe7+ {[%clk 0:00:49]} 45. fxe7
{[%clk 0:00:26]} Kd7 {[%clk 0:00:55]} 46. Nd6 {[%clk 0:00:35]} Kxe7
{[%clk 0:01:03]} 47. Nc8+ {[%clk 0:00:45]} Ke6 {[%clk 0:01:07]} 48. Nxb6
{[%clk 0:00:53]} Bd5 {[%clk 0:01:02]} 49. Kd3 {[%clk 0:00:50]} Bxg2
{[%clk 0:01:10]} 50. Kc3 {[%clk 0:00:59]} Kf5 {[%clk 0:01:01]} 51. Nc4
{[%clk 0:01:08]} Kg4 {[%clk 0:01:09]} 52. Ne3+ {[%clk 0:01:12]} Kxg3
{[%clk 0:01:09]} 53. Nf5+ {[%clk 0:01:21]} 1/2-1/2

[Event "AsianNationCup2018-OpenRapid"]
[Site "?"]
[Date "2018.07.27"]
[Round "2.6"]
[White "Tran, Tuan Minh"]
[Black "Khoroshev, Nikita"]
[Result "0-1"]
[BlackElo "2286"]
[WhiteElo "2512"]
[LiveChessVersion "1.4.8"]

1. d4 {[%clk 0:15:09]} Nf6 {[%clk 0:15:20]} 2. c4 {[%clk 0:15:16]} e6
{[%clk 0:15:20]} 3. Nc3 {[%clk 0:15:25]} Bb4 {[%clk 0:15:29]} 4. e3
{[%clk 0:15:34]} Nc6 {[%clk 0:15:31]} 5. Nge2 {[%clk 0:15:42]} O-O
{[%clk 0:15:40]} 6. a3 {[%clk 0:15:51]} Re8 {[%clk 0:15:49]} 7. Nf4
{[%clk 0:16:00]} Bf8 {[%clk 0:15:47]} 8. Bd3 {[%clk 0:15:59]} d5 {[%clk 0:15:20]}
9. cxd5 {[%clk 0:16:06]} exd5 {[%clk 0:15:24]} 10. O-O {[%clk 0:15:59]} Ne7
{[%clk 0:15:20]} 11. Qc2 {[%clk 0:15:24]} c6 {[%clk 0:15:19]} 12. b4
{[%clk 0:15:31]} g6 {[%clk 0:15:20]} 13. b5 {[%clk 0:15:32]} Bf5 {[%clk 0:14:57]}
14. bxc6 bxc6 {[%clk 0:15:06]} 15. Bd2 {[%clk 0:15:04]} Qc8 {[%clk 0:14:43]} 16.
Rfc1 {[%clk 0:15:00]} g5 {[%clk 0:13:58]} 17. Bxf5 {[%clk 0:14:45]} Nxf5
{[%clk 0:13:25]} 18. Nd3 {[%clk 0:14:38]} Nh4 {[%clk 0:13:26]} 19. Ne2
{[%clk 0:14:16]} Qg4 {[%clk 0:11:18]} 20. Ng3 {[%clk 0:14:22]} Rac8
{[%clk 0:11:26]} 21. Ne5 {[%clk 0:12:05]} Qe6 {[%clk 0:11:35]} 22. Nxc6
{[%clk 0:12:02]} Ng6 {[%clk 0:03:28]} 23. Qa4 {[%clk 0:09:49]} Qd7
{[%clk 0:03:02]} 24. Rc2 {[%clk 0:09:54]} Re6 {[%clk 0:02:52]} 25. Rac1
{[%clk 0:09:38]} Rc7 {[%clk 0:01:38]} 26. Ba5 {[%clk 0:07:51]} Rcxc6
{[%clk 0:01:25]} 27. Rxc6 {[%clk 0:02:52]} Ne7 {[%clk 0:01:34]} 28. Bd8
{[%clk 0:03:01]} Nxc6 {[%clk 0:01:12]} 29. Bxf6 {[%clk 0:03:10]} Rxf6
{[%clk 0:01:22]} 30. e4 {[%clk 0:01:47]} dxe4 {[%clk 0:01:04]} 31. Nxe4 Rg6 32.
Rd1 {[%clk 0:01:47]} Qd5 {[%clk 0:00:57]} 33. Nc3 Qa5 34. Qc4 {[%clk 0:01:48]}
Qxa3 {[%clk 0:01:08]} 35. d5 {[%clk 0:01:21]} Ne5 {[%clk 0:01:17]} 36. Qc8
{[%clk 0:01:30]} Qc5 {[%clk 0:01:23]} 37. Qxc5 Bxc5 {[%clk 0:01:32]} 38. Ne4
{[%clk 0:01:40]} Bb6 {[%clk 0:01:40]} 39. d6 {[%clk 0:01:48]} Nd7
{[%clk 0:01:49]} 40. g4 {[%clk 0:01:53]} Re6 {[%clk 0:01:45]} 41. Nxg5
{[%clk 0:02:01]} Rg6 {[%clk 0:01:54]} 42. h4 {[%clk 0:01:53]} h6 {[%clk 0:02:04]}
43. Nf3 {[%clk 0:00:27]} Rxg4+ {[%clk 0:02:12]} 44. Kf1 {[%clk 0:00:36]} Rf4
{[%clk 0:02:18]} 45. Kg2 {[%clk 0:00:45]} Rf6 {[%clk 0:02:27]} 46. Rd2
{[%clk 0:00:13]} Bc5 {[%clk 0:02:35]} 0-1

[Event "AsianNationCup2018-OpenRapid"]
[Site "?"]
[Date "2018.07.27"]
[Round "2.7"]
[White "Sindarov, Javokhir"]
[Black "Nguyen, Anh Khoi"]
[Result "1-0"]
[BlackElo "2122"]
[WhiteElo "2287"]
[LiveChessVersion "1.4.8"]

1. e4 {[%clk 0:15:19]} c5 {[%clk 0:15:19]} 2. Nc3 {[%clk 0:15:28]} d6
{[%clk 0:15:26]} 3. d4 {[%clk 0:15:37]} cxd4 4. Qxd4 {[%clk 0:15:45]} a6
{[%clk 0:15:31]} 5. b3 {[%clk 0:15:50]} Nc6 {[%clk 0:15:39]} 6. Qd2
{[%clk 0:15:59]} g6 {[%clk 0:15:37]} 7. Bb2 {[%clk 0:16:05]} Bg7 {[%clk 0:15:45]}
8. O-O-O {[%clk 0:15:58]} Be6 {[%clk 0:14:36]} 9. Kb1 {[%clk 0:15:44]} Nf6
{[%clk 0:14:37]} 10. f3 {[%clk 0:15:32]} O-O {[%clk 0:14:32]} 11. g4
{[%clk 0:15:40]} b5 {[%clk 0:13:42]} 12. h4 {[%clk 0:15:37]} h5 {[%clk 0:13:10]}
13. g5 {[%clk 0:15:45]} Nd7 {[%clk 0:13:05]} 14. f4 {[%clk 0:15:45]} Nc5
{[%clk 0:12:28]} 15. Re1 {[%clk 0:13:18]} Rc8 {[%clk 0:11:10]} 16. Nd5
{[%clk 0:12:58]} Bxb2 {[%clk 0:10:16]} 17. Kxb2 {[%clk 0:13:07]} Bg4
{[%clk 0:08:46]} 18. Bh3 {[%clk 0:12:58]} Bxh3 {[%clk 0:08:20]} 19. Nxh3 e5
{[%clk 0:06:06]} 20. Rhf1 {[%clk 0:12:16]} exf4 {[%clk 0:05:32]} 21. Nhxf4
{[%clk 0:12:00]} Nd7 {[%clk 0:05:06]} 22. Nxh5 {[%clk 0:09:49]} gxh5
{[%clk 0:03:43]} 23. Nf6+ Kh8 {[%clk 0:03:33]} 24. g6 {[%clk 0:08:20]} Nxf6 25.
g7+ {[%clk 0:08:21]} Kg8 {[%clk 0:01:58]} 26. gxf8=Q+ {[%clk 0:08:27]} Kxf8
{[%clk 0:01:54]} 27. Qh6+ {[%clk 0:08:35]} Ke8 {[%clk 0:02:03]} 28. Qxf6
{[%clk 0:07:52]} Qxf6+ {[%clk 0:02:02]} 29. Rxf6 {[%clk 0:08:01]} Ke7
{[%clk 0:02:11]} 30. Rf5 Ne5 {[%clk 0:01:32]} 31. Rxh5 {[%clk 0:07:57]} Rg8
{[%clk 0:01:32]} 32. Rg5 {[%clk 0:07:34]} Rh8 {[%clk 0:01:39]} 33. Rh1
{[%clk 0:07:41]} Rh6 {[%clk 0:01:03]} 34. h5 {[%clk 0:07:38]} Kf8
{[%clk 0:01:11]} 35. Rf5 {[%clk 0:07:35]} Ke7 {[%clk 0:01:14]} 36. Rg1
{[%clk 0:07:26]} Kf8 {[%clk 0:01:08]} 37. Rg3 {[%clk 0:07:18]} Rh8
{[%clk 0:01:01]} 38. Rc3 {[%clk 0:07:15]} Ke7 {[%clk 0:01:07]} 39. Rc7+
{[%clk 0:07:22]} Ke6 {[%clk 0:01:16]} 40. Ra7 {[%clk 0:07:27]} Rg8
{[%clk 0:01:16]} 41. h6 {[%clk 0:07:35]} Rg2 {[%clk 0:00:51]} 42. Rh5
{[%clk 0:06:13]} Nd3+ {[%clk 0:00:35]} 43. Kc3 {[%clk 0:06:13]} Ne1
{[%clk 0:00:37]} 44. h7 {[%clk 0:06:17]} 1-0